00494nam a22001697a 450000500170000001000150001702000260003203500130005803700130007108200100008410000160009424500520011026000450016227000570020730000200026450000400028420151120120406.0 aENG-114243 a9788186772553c695.00 aEN-97775 bDBAD/PUB a304.6 aSingh, V.S. aDemography of human population /cby V.S. Singh aNew DelhibNew Academic Publishersc2013 a4760-61,23, Ansari Road DaryaganjbNew Delhie110002 a142p.c22cm(Hb) aIncludes bibliographical references